Can we still achieve the millennium development goals? from costs to policies

Enregistré dans:
Détails bibliographiques
Auteur principal: Stijns, Jean-Philippe
Collectivité auteur: OECD. Development Centre
Autres auteurs: Garroway, Christopher, Atisophon, Vararat
Format: Livre
Langue:anglais
Publié: Paris OECD 2012
Collection:Development Centre studies
Sujets:
Tags: Ajouter un tag
Pas de tags, Soyez le premier à ajouter un tag!

MARC

LEADER 00000nam$a2200000$$$4500
001 0175799
005 20240315120426.9
020 |a 978-92-64-17323-1 
041 0 |a eng 
044 |a FR 
245 1 0 |a Can we still achieve the millennium development goals?  |b from costs to policies  |c Jean-Philippe Stijns, Christopher Garroway, Vararat Atisophon ... [et al.] 
264 1 |a Paris  |b OECD  |c 2012 
300 |a 65 s. 
490 1 |a Development Centre studies 
830 0 |a Development Centre studies 
610 2 0 |a rozvoj hospodársky 
610 2 0 |a chudoba 
610 2 0 |a vzdelávanie 
610 2 0 |a starostlivosť o zdravie 
610 2 0 |a stratégia hospodárska 
100 1 |a Stijns, Jean-Philippe 
700 1 |a Garroway, Christopher 
700 1 |a Atisophon, Vararat 
710 2 |a OECD. Development Centre